000 00481nam a22001817a 4500
008 170407b xxu||||| |||| 00| p tur d
020 _a9754187320
041 _atur
050 _aPL234.R47
100 _aRifat, Oktay
_9359
245 _aNara Benzerdin
_cOktay Rifat
250 _a1. baskı
260 _aİstanbul
_bAdam Yayınları
_cEkim 2002
300 _a144 sayfa
500 _aAdam Şiir Klasikleri 4 adet mevcuttur.
650 0 _9145
_aTürk Edebiyatı
942 _2lcc
_cBK
999 _c353
_d349